| 000 | 00749nam a2200229 u 4500 | ||
|---|---|---|---|
| 005 | 20230307063558.0 | ||
| 008 | 110802s2006 es r 000 0 spa d | ||
| 020 | _a8493474835 | ||
| 035 | _aUPN01000181141 | ||
| 040 |
_aUPN _bspa _cUPN |
||
| 049 | _aCG | ||
| 050 | 4 |
_aBF692.5 _bJ6.3 |
|
| 100 | 1 |
_aJohnson, Robert A., _d1921- _931352 |
|
| 245 | 1 | 0 |
_aEl : _bpara entender la psicología masculina / _cRobert A. Johnson ; tr. Carlos Manzano. |
| 260 |
_aMadrid : _bGadir, _c2006. |
||
| 300 | _a121 p. | ||
| 534 |
_pTítulo original: _tHe : understanding masculine psychology |
||
| 650 | 4 |
_aHombres _xPsicología _99884 |
|
| 650 | 4 |
_aPERCEVAL (PERSONAJE LEGENDARIO) - _vROMANCES - _xHISTORIA Y CRITICA _919059 |
|
| 905 | _aLibro | ||
| 942 |
_2lcc _cLIBRO |
||
| 999 |
_c153244 _d153244 |
||